000 00508nam a2200181Ia 4500
005 20250326141836.0
008 250326s9999 xx 000 0 und d
037 _aTextbook
040 _aFMSL
_beng
_cFMSL
041 _aeng
_2eng
084 _aX:89ZB.791 M7
_qFMSL
100 _aNIL
245 0 _aRaul Prebisch and development strategy
_cNIL
260 _aNew Delhi
_bNew Delhi, Research info System
_c1987
300 _a295p
942 _cTB
_hX:89ZB.791 M7
999 _c1292234
_d1292234